Where are headquartered these companies ? - Statistics

General Stats
  • This quiz has been taken 21 times
  • The average score is 18 of 57
Answer Stats
Hint Answer % Correct
BMW Munich
94%
Danone Paris
94%
L'Oréal Paris
94%
LVMH Paris
94%
Amazon Seattle
76%
Boeing Seattle
76%
Samsung Seoul
71%
Nikon Tokyo
71%
BP London
65%
Diageo London
65%
Philips Amsterdam
59%
Porsche Stuttgart
59%
Coca Cola Atlanta
53%
Commerzbank Frankfurt am Main Frankfurt
53%
Petronas Kuala Lumpur
53%
Petrobras Rio de Janeiro
47%
McDonald's Chicago
41%
Cathay Pacific Hong Kong
41%
CNPC Beijing Peking
35%
Apple Cupertino
35%
Thyssen Krupp Essen
35%
Tata Mumbai Bombay
35%
Gazprom Saint-Petersburg
35%
Royal Dutch Shell The Hague Den Haag
35%
Solvay Brussels Bruxelles Brussel
29%
Alibaba Hangzhou
24%
Microsoft Redmond Seattle
24%
H&M Stockholm
24%
Fiat Turin Torino
24%
Volkswagen Wolfsburg
24%
Nike Beaverton Portland
18%
De Beers Johannesburg
18%
BHP Melbourne
18%
Walmart Bentonville
12%
Lego Billund
12%
Airbus Blagnac Toulouse
12%
Michelin Clermont-Ferrand
12%
Ford Dearborn Detroit
12%
Mattel El Segundo Los Angeles
12%
Toyota Toyota
12%
Nestlé Vevey
12%
General Electric Boston
6%
Bitdefender Bucharest
6%
Procter & Gamble Cincinnati
6%
Aramco Dhahran
6%
Adidas Herzogenaurach
6%
Astra International Jakarta
6%
Inditex La Coruna A Coruna
6%
Alphabet Mountain View
6%
Schindler Ebikon Lucerne Luzern
0%
Otis Farmington
0%
TSMC Hsinchu
0%
ExxonMobil Irving Dallas
0%
Arcelik Istanbul
0%
AB Inbev Leuven
0%
Alfa San Pedro Garza Garcia Monterrey
0%
Embraer Sao Jose dos Campos Sao Jose
0%
No matching quizzes found
Score Distribution
Percent of People with Each Score
Percentile by Number Answered
Your Score History
You have not taken this quiz